000 00473nam a2200157 i 4500
001 121049
003 ES-MaACL
005 20230906191657.0
007 t|
008 070214n19001920sp r ||||1| fre d
100 1 _aPoncelet, Víctor.
_992960
245 1 3 _aLe général Francisco Villa
_b: prix Nobel : petite biographic d'un grand homme /
_cVíctor Poncelet.
260 _a[s.l.] :
_b[s.n.],
_c[191?]
600 0 4 _aVilla, Pancho.
_9114876
852 _aES-MaACL
_j1595-F-1
999 _c121049
_d121049